| 000 | 00659cam a2200217 a 4500 | ||
|---|---|---|---|
| 003 | OSt | ||
| 005 | 20260319121523.0 | ||
| 008 | 920505s1993 enkb b 001 0 eng | ||
| 020 | _a9788175960398 | ||
| 040 |
_cHDL _bENG |
||
| 082 | 0 | 0 |
_a954.7025 P9 _220 |
| 100 | 1 |
_aGordon, Stewart, _91132525 |
|
| 245 | 1 | 4 |
_aThe Marathas, 1600-1818 / _cStewart Gordon. |
| 260 |
_aCambridge [England] ; _aNew York : _bCambridge University Press, _c1993. |
||
| 300 |
_axv, 202 p. _c24 cm. |
||
| 440 | 4 |
_aThe new Cambridge history of India ; _vII, 4 _91132526 |
|
| 590 | _aIn English. | ||
| 651 | 0 |
_aIndia _xHistory _91105577 |
|
| 942 |
_2CC _cTEXL _n0 |
||
| 999 |
_c1715757 _d1715757 |
||